Statistics for -NGE Vocabulary Words

Click here to take the quiz!

General Stats

  • This quiz has been taken 104 times
  • The average score is 14 of 20

Answer Stats

clueword% Correct
what a door or gate swings offhinge
95%
color named for a fruitorange
92%
a medical one injects fluidsyringe
91%
peculiar, oddstrange
88%
alterchange
85%
to take revengeavenge
83%
over-eat or over-drink in a short burstbinge
82%
goes with shooting and mountainrange
82%
the outer edges of; or the front of a haircutfringe
81%
Pearl Jam's musical stylegrunge
78%
scorch; burn superficiallysinge
78%
to sort into orderarrange
77%
cough droplozenge
77%
swapexchange
74%
sitting room of a houselounge
71%
where two freeways meetinterchange
58%
alienate a friendship; pull away fromestrange
50%
something difficult to be overcomechallenge
49%
commit a breach or violation ofinfringe
28%
white milk puddingblancmange
26%

Score Distribution

Percentile by Number Answered

Percent of People with Each Score

Your Score History

You have not taken this quiz